| 000 | 00582nam a2200121Ia 4500 | ||
|---|---|---|---|
| 008 | 171212s9999 xx 000 0 und d | ||
| 020 | _a9780874216042 | ||
| 245 |
_ceditor Harrington, Susanmarie;Rhodes, Keith;Fischer, Ruth;Malenczyk, Rita _aOutcomes Book _bDebate and Consensus after the WPA Outcomes Statement |
||
| 260 |
_bUniversity Press of Colorado _c2005 |
||
| 650 | _aEducation | ||
| 650 | _aEnglish language -- Rhetoric -- Study and teaching -- United States; Report writing -- Study and teaching (Higher) -- United States | ||
| 856 | _uwww.jstor.org/stable/10.2307/j.ctt46nwgv | ||
| 999 |
_c353139 _d353139 |
||